Nothing but victory : the Army of the Tennessee, 1861-1865 /

Bibliographic Details
Main Author: Woodworth, Steven E.
Format: Book
Language:English
Published: New York : Alfred A. Knopf, 2005.
Edition:1st ed.
Subjects:

MARC

Tag First Indicator Second Indicator Subfields
LEADER 00000cam a2200000 a 4500
001 in00002094921
005 20151102160922.0
008 041207s2005 nyuabcf b 001 0 eng
010 |a  2004064929 
020 |a 0375412182 
035 |a (OCoLC)ocm57316802 
040 |a DLC  |c DLC  |d UtOrBLW 
043 |a n-us---  |a n-us-tn  |a n-us-ky 
049 |a TXAM 
050 0 0 |a E470.5  |b .W66 2005 
082 0 0 |a 973.7/468  |2 22 
100 1 |a Woodworth, Steven E. 
245 1 0 |a Nothing but victory :  |b the Army of the Tennessee, 1861-1865 /  |c Steven E. Woodworth. 
250 |a 1st ed. 
264 1 |a New York :  |b Alfred A. Knopf,  |c 2005. 
300 |a xi, 760 pages, 16 unnumbered pages of plates :  |b illustrations, map, portraits ;  |c 25 cm. 
336 |a text  |b txt  |2 rdacontent 
337 |a unmediated  |b n  |2 rdamedia 
338 |a volume  |b nc  |2 rdacarrier 
504 |a Includes bibliographical references (pages 725-738) and index. 
610 1 0 |a United States.  |b Army.  |b Department of the Tennessee. 
651 0 |a United States  |x History  |y Civil War, 1861-1865  |x Regimental histories. 
651 0 |a United States  |x History  |y Civil War, 1861-1865  |x Campaigns. 
651 0 |a Cumberland River Valley (Ky. and Tenn.)  |x History, Military  |y 19th century. 
651 0 |a Tennessee River Valley  |x History, Military  |y 19th century. 
945 |i PromptCat 
947 |a A14833202298 
948 |a cataloged  |b h  |c 2005/12/13  |d c  |e dmitchel  |f 1:00:00 pm 
994 |a 92  |b TXA 
999 |a MARS 
999 f f |s bf2220c8-edbe-3c75-a664-cbc4989319f9  |i c35f738d-231f-3188-83c4-bdede19a5d25  |t 0 
952 f f |p normal  |a Texas A&M University  |b College Station  |c Sterling C. Evans Library  |d Evans: Library Stacks  |t 0  |e E470.5 .W66 2005  |h Library of Congress classification  |i unmediated -- volume  |m A14833202298 
998 f f |a E470.5 .W66 2005  |t 0  |l Evans: Library Stacks